A reforma da reforma / (Record no. 1173)
[ view plain ]
| 000 -LÍDER | |
|---|---|
| Campo Fixo de Controle | 00990nam a2200277 a 4500 |
| 001 - NÚMERO DE CONTROLE | |
| Campo de Controle | 1173 |
| 003 - IDENTIFICAÇÃO DO NÚMERO DE CONTROLE | |
| Campo de Controle | BR-CuiBMT |
| 005 - DATA E HORA DA ÚLTIMA ATUALIZAÇÃO | |
| Campo de Controle | 20231130193558.0 |
| 008 - DADOS FIXOS | |
| Dados Fixos | 231124s2003 spb 001 0 por d |
| 020 ## - INTERNATIONAL STANDARD BOOK NUMBER | |
| Nº do ISBN | 8574205397 |
| 040 ## - AGÊNCIA CATALOGADORA | |
| Código da Agência Catalogadora | BR-CuiBMT |
| Agência que transcreveu o registro | BR-CuiBMT |
| 080 ## - Nº DA CLASSIFICAÇÃO DECIMAL UNIVERSAL | |
| Nº edição CDU | 2007 |
| Nº Class. CDU | 347.91/.95 |
| 090 ## - NÚMERO DE CHAMADA | |
| Nº classificação | 347.91/.95 |
| Cutter | D583r |
| Ano/Edição | 6. ed. |
| 100 1# - ENTRADA PRINCIPAL -- AUTOR PESSOAL | |
| Nome pessoal | Dinamarco, Cândido Rangel |
| 245 12 - TÍTULO PRINCIPAL | |
| Título principal | A reforma da reforma / |
| Indicação de responsabilidade | Cândido Rangel Dinamarco. |
| 250 ## - EDIÇÃO | |
| Edição | 6. ed., rev. e atual. |
| 260 ## - PUBLICAÇÃO, DISTRIBUIÇÃO, ETC. | |
| Local de publicação | São Paulo : |
| Editora | Malheiros, |
| Data | 2003. |
| 300 ## - DESCRIÇÃO FÍSICA | |
| N. páginas ou volumes | 304 p. ; |
| Dimensões | 21 cm |
| 500 ## - NOTAS GERAIS | |
| Notas gerais | Lei 10.352, de 26.12.2001 ; Lei 10.358, de 27.12.2001 ; Lei 10.444, de 7.5.2002 ; Lei 9.800, de 26.6.199 (Lei do Fax0, e Lei 10.173, de 9.1.2001 (Lei dos Idosos). |
| 504 ## - NOTA DE BIBLIOGRAFIA, ETC. | |
| Nota de bibliografia | Inclui bibliografia e índice. |
| 610 ## - ASSUNTO -- ENTIDADE | |
| Nome da Entidade ou lugar | Brasil. |
| Título da publicação | [Código de processo civil (1973)] |
| 650 ## - ASSUNTO TÓPICO | |
| Cabeçalho tópico ou nome geográfico | Processo civil |
| Subdivisão geral | Reforma |
| Subdivisão geográfica | Brasil |
| 650 ## - ASSUNTO TÓPICO | |
| Cabeçalho tópico ou nome geográfico | Execução (Processo civil) |
| Subdivisão geográfica | Brasil |
| 650 ## - ASSUNTO TÓPICO | |
| Cabeçalho tópico ou nome geográfico | Direito civil |
| Subdivisão geográfica | Brasil |
| 942 ## - ELEMENTOS DE ENTRADA ADICIONAIS (KOHA) | |
| Fonte de classificação ou esquema de arquivamento | Classificação Decimal Universal |
| Tipo de item do Koha | Livros |
| Estado: removido | Estado: perdido | Fonte de classificação ou esquema de arquivamento | Estado: danificado | Indisponível para empréstimo | Localização permanente | Localização atual | Data de aquisição | Total Checkouts | Número de Chamada completo | Código de barras | Date last seen | Número do exemplar | Preço efetivo a partir de | Tipo de item (Koha) |
|---|---|---|---|---|---|---|---|---|---|---|---|---|---|---|
| Classificação Decimal Universal | Biblioteca da Escola Superior de Contas do TCE/MT | Biblioteca da Escola Superior de Contas do TCE/MT | 30/11/2023 | 347.91/.95 D583r 6. ed. | BIBTCEMT23111394 | 30/11/2023 | Ex. 1 | 30/11/2023 | Livros |